000 00365nam a22001457a 4500
003 SGT
082 _a415
_bA03M
100 _aMINISTRY OF HEALTH & FAMILY WELFARE.
245 _aTHE AYURVEDIC FORMULARY OF INDIA
250 _a2ND
260 _aDELHI
_bMINISTRY OF HEALTH & FAMILY WELFARE.
_c2003
300 _a488
650 _aAYURVEDA FORMULARY
942 _2ddc
_cBK
_02
999 _c8632
_d8632